Video games (Record no. 421382)

MARC details
000 -LEADER
fixed length control field 00258nam a2200097Ia 4500
082 ## - DEWEY DECIMAL CLASSIFICATION NUMBER
Classification number J 784.8 PRAT
008 - FIXED-LENGTH DATA ELEMENTS--GENERAL INFORMATION
fixed length control field 210817s9999 xx 000 0 und d
100 ## - MAIN ENTRY--PERSONAL NAME
Personal name Pratchett, Rhianna New York, [c.2009]
9 (RLIN) 99252
245 #0 - TITLE STATEMENT
Title Video games
942 ## - ADDED ENTRY ELEMENTS
item type Books

No items available.